书目信息 |
| 题名: |
复杂非线性波的构造性理论及其应用
|
|
| 作者: | 闫振亚 著 | |
| 分册: | ||
| 出版信息: | 北京 科学出版社 2007.03 |
|
| 页数: | 323页 | |
| 开本: | 25cm | |
| 丛书名: | 数学机械化丛书 | |
| 单 册: | ||
| 中图分类: | O534 | |
| 科图分类: | ||
| 主题词: | 非线性波--fei xian xing bo--复杂性理论 | |
| 电子资源: | ||
| ISBN: | 978-7-03-018641-6 | |
| 000 | 00926nam 2200253 450 | |
| 001 | 012007813779 | |
| 005 | 20071010162334.71 | |
| 010 | @a978-7-03-018641-6@b精装@dCNY56.00 | |
| 100 | @a20070731d2007 km y0chiy0120 ea | |
| 101 | 0 | @achi |
| 102 | @aCN@b110000 | |
| 105 | @aa a 000yy | |
| 200 | 1 | @a复杂非线性波的构造性理论及其应用@Afu za fei xian xing bo de gou zao xing li lun ji qi ying yong@f闫振亚著@Fyan zhen ya zhu |
| 210 | @a北京@c科学出版社@d2007.03 | |
| 215 | @a323页@c图@d25cm | |
| 225 | 2 | @a数学机械化丛书@Ashu xue ji xie hua cong shu@v8 |
| 320 | @a有书目 (第303-323页)。 | |
| 330 | @a本书主要从构造性、算法化的角度系统地研究非线性波、孤立子、可积系统、对称以及混沌同步与控制等有关课题。全书共分五个部分。 | |
| 410 | 0 | @12001 @a数学机械化丛书 |
| 606 | 0 | @a非线性波@Afei xian xing bo@x复杂性理论 |
| 690 | @aO534@v4 | |
| 701 | 0 | @a闫振亚@Ayan zhen ya@4著 |
| 801 | 0 | @aCN@c20071010 |
| 905 | @dO534@eY102 | |
| 复杂非线性波的构造性理论及其应用/闫振亚著.-北京:科学出版社,2007.03 |
| 323页:图;25cm.-(数学机械化丛书;8) |
| ISBN 978-7-03-018641-6(精装):CNY56.00 |
| 本书主要从构造性、算法化的角度系统地研究非线性波、孤立子、可积系统、对称以及混沌同步与控制等有关课题。全书共分五个部分。 |
| ● |
| 相关链接 |
|
|
|
正题名:复杂非线性波的构造性理论及其应用
索取号:O534/Y102
 
预约/预借
| 序号 | 登录号 | 条形码 | 馆藏地/架位号 | 状态 | 备注 |
| 1 | 252753 | 202527532 | 自科库401/401自科库 59排4列3层/ [索取号:O534/Y102] | 在馆 |